| 000 | 00568nam a22002057a 4500 | ||
|---|---|---|---|
| 003 | OSt | ||
| 005 | 20140310184514.0 | ||
| 008 | 131016t xxu||||| |||| 00| 0 eng d | ||
| 020 | _a0439096987 | ||
| 050 |
_aSF 447 _b.B146 1996 |
||
| 100 |
_aBaglio, Ben M. _95246 |
||
| 245 |
_aKitten in the cold / _cBen M. Baglio; illustrations by Shelagh McNicholas |
||
| 260 |
_aNew York : _bScholastic Inc., _c1996. |
||
| 300 |
_a132 p. _bill. ; _c19 cm. |
||
| 440 |
_aAnimal Ark _929341 |
||
| 521 | _aG3 | ||
| 526 | _c590 | ||
| 541 | _j1 | ||
| 942 |
_2lcc _cBK-SCHOLAS |
||
| 999 |
_c34927 _d34927 |
||